Estudio de la cinética y equilibrio de adsorción de aluminio de soluciones acuosas usando quitosano y cascarilla de arroz como bioadsorbentes
El trabajo aborda un Estudio de la cinética y equilibrio de adsorción de aluminio de soluciones acuosas usando quitosano y cascarilla de arroz como bioadsorbentes, es una importante contribución a los estudios de remoción de metales pesados usando biomateriales, contribuyendo de esta manera, a m...
| Main Authors: | , |
|---|---|
| Other Authors: | |
| Format: | Tesis Section = Libro |
| Language: | Undetermined Spanish |
| Published: |
Managua
UNI
2020
|
| Subjects: |
| LEADER | 01301nam a2200289Ia 4500 | ||
|---|---|---|---|
| 008 | 240830s9999 xx 000 0 und d | ||
| 040 | |a CEDOC DACA-RUSB / Mon 628.162 A473 | ||
| 041 | |a spa | ||
| 082 | |a Mon 628.162 A473 | ||
| 100 | 1 | |a Álvarez Trejos, Ana Karolina | |
| 100 | 1 | |b Blanco González, Vanessa Alexandra | |
| 245 | 1 | 0 | |a Estudio de la cinética y equilibrio de adsorción de aluminio de soluciones acuosas usando quitosano y cascarilla de arroz como bioadsorbentes |
| 260 | |a Managua |b UNI |c 2020 | ||
| 300 | |a 83 p. :il. | ||
| 500 | |a Contiene: Anexos, CD | ||
| 502 | |a Tesis (Ingeniero Químico) -UNI, 2020. | ||
| 520 | 3 | |a El trabajo aborda un Estudio de la cinética y equilibrio de adsorción de aluminio de soluciones acuosas usando quitosano y cascarilla de arroz como bioadsorbentes, es una importante contribución a los estudios de remoción de metales pesados usando biomateriales, contribuyendo de esta manera, a mejorar la calidad de las aguas naturales y de consumo. | |
| 650 | 7 | |a POTABILIZACION DEL AGUA | |
| 650 | 7 | |b TRATAMIENTO DEL AGUA | |
| 650 | 7 | |c ADSORCION DE ALUMINIO | |
| 650 | 7 | |d AGUA POTABLE | |
| 650 | 7 | |e CALIDAD DEL AGUA | |
| 650 | 7 | |f QUITOSANO | |
| 700 | 1 | |a Tutor: |b Benavente Silva, Martha | |
| 942 | |c BK |2 ddc | ||
| 991 | |a TESIS | ||
| 999 | |c 26362 | ||